VISUAL COMPLEX ANALYSIS (Record no. 583130)
[ view plain ]
| 000 -LEADER | |
|---|---|
| fixed length control field | 00319nam a22001337a 4500 |
| 020 ## - INTERNATIONAL STANDARD BOOK NUMBER | |
| International Standard Book Number | 0-19-853446-9 |
| 082 ## - DEWEY DECIMAL CLASSIFICATION NUMBER | |
| Classification number | 515.9 NEE |
| 100 ## - MAIN ENTRY--PERSONAL NAME | |
| Personal name | NEEDHAM, TRISTAN |
| 9 (RLIN) | 77961 |
| 245 ## - TITLE STATEMENT | |
| Title | VISUAL COMPLEX ANALYSIS |
| 260 ## - PUBLICATION, DISTRIBUTION, ETC. | |
| Place of publication, distribution, etc. | OXFORD |
| Name of publisher, distributor, etc. | CLARENDON PRESS |
| Date of publication, distribution, etc. | 1998 |
| 300 ## - PHYSICAL DESCRIPTION | |
| Extent | 592P |
| 650 ## - SUBJECT ADDED ENTRY--TOPICAL TERM | |
| Topical term or geographic name entry element | COMPLEX ANALYSIS |
| 9 (RLIN) | 58033 |
| 942 ## - ADDED ENTRY ELEMENTS (KOHA) | |
| Koha item type | Book |
| Withdrawn status | Lost status | Damaged status | Not for loan | Permanent Location | Current Location | Shelving location | Date acquired | Total Checkouts | Full call number | Barcode | Date last seen | Price effective from | Koha item type |
|---|---|---|---|---|---|---|---|---|---|---|---|---|---|
| College of Electrical & Mechanical Engineering (CEME) | College of Electrical & Mechanical Engineering (CEME) | General Stacks | 06/13/2017 | 515.9 NEE | CEME-3347 | 06/28/2021 | 06/28/2021 | Book |
